Szálláshely foglalási szokások korosztály és nemzetiség szerint

Bibliográfiai részletek
Szerző: Mezei Andrea Imola
További közreműködők: Csabáné Budea Ildikó
Dokumentumtípus: Diplomadolgozat
Kulcsszavak:Szállásfoglalás
Online Access:http://dolgozattar.uni-bge.hu/18354

MARC

LEADER 00000nta a2200000 i 4500
001 dolg18354
005 20190228160702.0
008 181127suuuu hu om 000 hun d
040 |a BGE Dolgozattár Repozitórium  |b hun 
041 |a hu 
100 1 |a Mezei Andrea Imola 
245 1 0 |a Szálláshely foglalási szokások korosztály és nemzetiség szerint  |c Mezei Andrea Imola  |h [elektronikus dokumentum] 
695 |a Szállásfoglalás 
700 1 |a Csabáné Budea Ildikó  |e ths 
856 4 0 |u http://dolgozattar.uni-bge.hu/18354/1/Mezei_Andrea_Imola_K6V9BZ_TVtur.pdf  |z Dokumentum-elérés